[Event "BL 8586 Bayern-Heidelberg"]
[Site "?"]
[Date "1986.??.??"]
[Round "?.8"]
[White "Schubert, C."]
[Black "Krieger, H."]
[Result "1-0"]
[WhiteElo "2255"]
[BlackElo "2210"]
[PlyCount "55"]
[EventDate "1986.??.??"]

1. e4 c5 2. Nf3 d6 3. d4 cxd4 4. Nxd4 Nf6 5. Nc3 g6 6. Be2 Bg7 7. O-O O-O 8.
Bg5 Nc6 9. Nb3 Be6 10. f4 Rc8 11. Kh1 a5 12. f5 Bd7 13. a4 Ne5 14. Bh4 Bc6 15.
Nd5 Nxd5 16. exd5 Bd7 17. fxg6 Nxg6 18. Be1 Bxb2 19. Rb1 Bf6 20. Nxa5 Bxa4 21.
Bd3 b6 22. Nc4 Rb8 23. Qh5 Bd7 24. Nd2 Qc8 25. Rxf6 exf6 26. Ne4 Kg7 27. Bc3
Ne5 28. Nxd6 1-0

[Event "BL 8586 Bochum-München 36"]
[Site "?"]
[Date "1986.??.??"]
[Round "?.1"]
[White "Unzicker, W."]
[Black "Heinbuch, D."]
[Result "0-1"]
[WhiteElo "2470"]
[BlackElo "2360"]
[PlyCount "64"]
[EventDate "1986.??.??"]

1. e4 c5 2. Nf3 Nc6 3. d4 cxd4 4. Nxd4 Nf6 5. Nc3 d6 6. Bg5 e6 7. Qd2 a6 8.
O-O-O Bd7 9. f4 h6 10. Bh4 g5 11. fxg5 Ng4 12. Nf3 hxg5 13. Bxg5 f6 14. Bf4 e5
15. g3 exf4 16. gxf4 Qa5 17. Kb1 O-O-O 18. h3 Qc5 19. Re1 Nh6 20. Nd5 f5 21.
Bd3 fxe4 22. Bxe4 Nf5 23. Reg1 Bh6 24. Ng5 Rdf8 25. c3 Bxg5 26. fxg5 Rxh3 27.
b4 Qa7 28. Qf4 Rh4 29. Rxh4 Qxg1+ 30. Kb2 Ne5 31. Bc2 Qg2 32. Qe4 Nxh4 0-1

[Event "BL 8586 Bochum-München 36"]
[Site "?"]
[Date "1986.??.??"]
[Round "?.2"]
[White "Sehner, N."]
[Black "Smejkal, J."]
[Result "1/2-1/2"]
[WhiteElo "2320"]
[BlackElo "2565"]
[PlyCount "84"]
[EventDate "1986.??.??"]

1. c4 e5 2. Nc3 Nf6 3. g3 d5 4. cxd5 Nxd5 5. Bg2 Nb6 6. Nf3 Nc6 7. d3 Be7 8. a3
Be6 9. O-O O-O 10. b4 f5 11. Bb2 Bf6 12. e4 f4 13. gxf4 exf4 14. e5 Nxe5 15.
Nxe5 Bxe5 16. Re1 Bxc3 17. Bxc3 Qg5 18. Kh1 Bd5 19. Rg1 Rf7 20. Be4 Qf5 21. f3
Qh5 22. Rg4 Rd8 23. Qe2 Bxe4 24. Qxe4 Qd5 25. Rag1 g6 26. Rxg6+ hxg6 27. Qxg6+
Kf8 28. Bf6 Ke8 29. Re1+ Kd7 30. Qg4+ Kc6 31. Rc1+ Kb5 32. Rc5+ Qxc5 33. bxc5
Rxf6 34. cxb6 Kxb6 35. Qg5 Rdd6 36. a4 a6 37. a5+ Kc6 38. d4 Rg6 39. Qd5+ Kd7
40. Qf5+ Kd8 41. Qf8+ Kd7 42. Qf5+ Kd8 1/2-1/2

[Event "BL 8586 Bochum-München 36"]
[Site "?"]
[Date "1986.??.??"]
[Round "?.3"]
[White "Nikolac, J."]
[Black "Budde, V."]
[Result "1-0"]
[WhiteElo "2440"]
[BlackElo "2345"]
[PlyCount "99"]
[EventDate "1986.??.??"]

1. f4 d5 2. Nf3 g6 3. d3 b6 4. g3 Bb7 5. Bg2 Bg7 6. e4 dxe4 7. Ng5 Nf6 8. Nc3
Nbd7 9. Be3 O-O 10. O-O Qc8 11. dxe4 Nc5 12. Bh3 Qe8 13. e5 Rd8 14. Qe1 Qc6 15.
Nf3 Nd5 16. Nd4 Qe8 17. Nxd5 Bxd5 18. Rd1 a5 19. b3 Bb7 20. Qe2 f5 21. Nb5 Qc6
22. Bg2 Ne4 23. c4 e6 24. Rd3 Rxd3 25. Qxd3 Ra8 26. Rd1 Bf8 27. Bxe4 fxe4 28.
Qd7 Bc5 29. Kf2 Bxe3+ 30. Kxe3 Qc5+ 31. Ke2 Rf8 32. Qxe6+ Kh8 33. Rd8 Kg7 34.
Rd7+ Kh8 35. Qe7 Qxe7 36. Rxe7 Bc8 37. Nxc7 Bf5 38. Ke3 Rd8 39. Re8+ Rxe8 40.
Nxe8 Bd7 41. Nf6 Bc6 42. Nxe4 Kg7 43. g4 Bd7 44. Nf6 Be6 45. Ke4 a4 46. f5 axb3
47. axb3 gxf5+ 48. gxf5 Bc8 49. Nd5 Bb7 50. e6 1-0

[Event "BL 8586 Bochum-München 36"]
[Site "?"]
[Date "1986.??.??"]
[Round "?.4"]
[White "Beckemeyer, W."]
[Black "Bastian, H."]
[Result "0-1"]
[WhiteElo "2320"]
[BlackElo "2375"]
[PlyCount "90"]
[EventDate "1986.??.??"]

1. e4 c5 2. Nf3 Nf6 3. Nc3 Nc6 4. d4 d5 5. exd5 Nxd5 6. Nxd5 Qxd5 7. Be3 cxd4
8. Nxd4 a6 9. Be2 e5 10. Nf3 Qa5+ 11. c3 Be6 12. O-O Be7 13. Nd2 Qc7 14. Qc2
O-O 15. f4 Nb4 16. Qe4 f5 17. Qxe5 Qxe5 18. fxe5 Nc2 19. Bf2 Nxa1 20. Rxa1 Rac8
21. Nf3 Bc4 22. Kf1 Rfd8 23. Nd4 g6 24. a3 Bxe2+ 25. Kxe2 Rd5 26. Nf3 g5 27.
Bd4 g4 28. Ne1 Bg5 29. Nc2 Kf7 30. Rf1 Kg6 31. Nb4 Rd7 32. g3 h5 33. Nd3 Rcd8
34. Rd1 Re8 35. Rf1 Rf7 36. h4 Bh6 37. Be3 Bg7 38. e6 Rfe7 39. Kd2 Kh7 40. Rxf5
Rxe6 41. Rxh5+ Kg8 42. Bd4 Bxd4 43. cxd4 Re4 44. d5 Rf8 45. Rg5+ Kh7 0-1

[Event "BL 8586 Bochum-München 36"]
[Site "?"]
[Date "1986.??.??"]
[Round "?.5"]
[White "Zysk, R."]
[Black "Fleck, J."]
[Result "0-1"]
[WhiteElo "2340"]
[BlackElo "2390"]
[PlyCount "88"]
[EventDate "1986.??.??"]

1. Nf3 d6 2. d4 f5 3. Nc3 Nf6 4. Bg5 g6 5. Bxf6 exf6 6. e3 Bg7 7. Bc4 c6 8. Ne2
d5 9. Bb3 Be6 10. Nd2 Nd7 11. c4 Nb6 12. Nf4 Bf7 13. cxd5 Nxd5 14. Nxd5 Bxd5
15. O-O O-O 16. Qf3 Bxb3 17. Nxb3 Qd6 18. Rac1 Rf7 19. g3 Rd8 20. Rc3 Bf8 21.
Nc5 Qd5 22. Qxd5 Rxd5 23. Rfc1 Bxc5 24. Rxc5 Rfd7 25. Kf1 Kf7 26. Ke2 Ke6 27.
Kd3 Rxc5 28. Rxc5 h5 29. b4 Rd5 30. Rc3 Rd7 31. a4 a6 32. Rc5 Rd5 33. f3 Rd6
34. a5 Rd7 35. h4 Rg7 36. e4 fxe4+ 37. fxe4 Rf7 38. Ke3 Rd7 39. e5 Rd5 40. Ke4
fxe5 41. dxe5 Rd1 42. Kf4 Rd4+ 43. Kg5 Rg4+ 44. Kh6 Rxg3 0-1

[Event "BL 8586 Bochum-München 36"]
[Site "?"]
[Date "1986.??.??"]
[Round "?.7"]
[White "Krause, C."]
[Black "Backwinkel, P."]
[Result "1/2-1/2"]
[WhiteElo "2250"]
[BlackElo "2350"]
[PlyCount "27"]
[EventDate "1986.??.??"]

1. c4 g6 2. Nc3 Bg7 3. g3 e5 4. Bg2 Ne7 5. e4 Nbc6 6. Nge2 d6 7. O-O O-O 8. d3
Nd4 9. Nxd4 exd4 10. Ne2 c5 11. a3 a5 12. b3 Rb8 13. Rb1 b5 14. Bd2 1/2-1/2

[Event "BL 8586 Solingen-Bayern"]
[Site "?"]
[Date "1986.??.??"]
[Round "?.1"]
[White "Ribli, Z."]
[Black "Huebner, R."]
[Result "1/2-1/2"]
[WhiteElo "2605"]
[BlackElo "2620"]
[PlyCount "27"]
[EventDate "1986.??.??"]

1. Nf3 d5 2. c4 c6 3. d4 Nf6 4. Nc3 dxc4 5. a4 Bf5 6. e3 e6 7. Bxc4 Bb4 8. O-O
Nbd7 9. Qe2 Bg6 10. e4 Bxc3 11. bxc3 Nxe4 12. Ba3 Qc7 13. Qe3 O-O-O 14. Bb3
1/2-1/2

[Event "BL 8586 Solingen-Bayern"]
[Site "?"]
[Date "1986.??.??"]
[Round "?.2"]
[White "Spassky, B."]
[Black "Kindermann, S."]
[Result "1/2-1/2"]
[WhiteElo "2590"]
[BlackElo "2480"]
[PlyCount "68"]
[EventDate "1986.??.??"]

1. e4 c5 2. b3 d6 3. Bb2 Nc6 4. Nf3 Nf6 5. Nc3 g6 6. Nd5 e5 7. Bb5 Bg7 8. Nxf6+
Bxf6 9. Bxc6+ bxc6 10. d3 Bg7 11. O-O O-O 12. Nd2 Bh6 13. Nc4 f5 14. exf5 Rxf5
15. Qe2 Be6 16. Rae1 Qe7 17. Bc1 Bg7 18. f3 Raf8 19. Nd2 R5f7 20. Ne4 h6 21.
Be3 Kh7 22. Qd2 Qc7 23. Qf2 Qd8 24. Qg3 Bf5 25. Qf2 Be6 26. Qd2 Qc7 27. a3 Bf5
28. Ng3 Bc8 29. Ne4 Bf5 30. Bf2 Rb8 31. h3 Rbf8 32. Qe2 Qd8 33. Be3 Bc8 34. Qd2
Bf5 1/2-1/2

[Event "BL 8586 Solingen-Bayern"]
[Site "?"]
[Date "1986.??.??"]
[Round "?.5"]
[White "Calvo Minguez, R."]
[Black "Lau, R."]
[Result "1/2-1/2"]
[WhiteElo "2435"]
[BlackElo "2460"]
[PlyCount "94"]
[EventDate "1986.??.??"]

1. e4 c5 2. Nf3 d6 3. d4 cxd4 4. Nxd4 Nf6 5. Nc3 a6 6. Be3 e6 7. Qd2 b5 8. f3
Bb7 9. O-O-O Nbd7 10. Kb1 Be7 11. h4 b4 12. Nce2 d5 13. exd5 Nxd5 14. Bg5 O-O
15. Nf4 N7f6 16. Bc4 Qc7 17. Nxd5 Nxd5 18. Qe2 Kh8 19. Bxd5 Bxd5 20. Bxe7 Qxe7
21. Nf5 Qc5 22. Ne3 Bc6 23. h5 h6 24. Rh4 Rad8 25. Rd2 a5 26. Rc4 Qb6 27. Qd1
Bb5 28. Rcd4 Rxd4 29. Rxd4 Kh7 30. b3 Rc8 31. Qd2 Rc5 32. g4 Rc3 33. a4 Bc6 34.
f4 Qc5 35. Kb2 e5 36. fxe5 Qxe5 37. Nc4 Qc5 38. Rd3 Rxd3 39. Qxd3+ g6 40. hxg6+
fxg6 41. Ka2 Bd5 42. Ne3 Bf7 43. Qe4 Kg7 44. Kb1 Qc3 45. Nd5 Bxd5 46. Qxd5 Qc7
47. Qd4+ Kh7 1/2-1/2

[Event "BL 8586 Solingen-Bayern"]
[Site "?"]
[Date "1986.??.??"]
[Round "?.6"]
[White "Dueball, J."]
[Black "Hertneck, G."]
[Result "1/2-1/2"]
[WhiteElo "2445"]
[BlackElo "2410"]
[PlyCount "70"]
[EventDate "1986.??.??"]

1. d4 Nf6 2. c4 e6 3. Nc3 Bb4 4. e3 O-O 5. Bd3 c5 6. Nf3 Nc6 7. d5 Bxc3+ 8.
bxc3 Na5 9. e4 d6 10. O-O h6 11. h3 b6 12. Be3 Re8 13. Nd2 Ba6 14. Qc2 Qd7 15.
Rfe1 Re7 16. f4 Rae8 17. e5 exd5 18. exf6 Rxe3 19. Rxe3 Rxe3 20. Nf1 Qe8 21.
Nxe3 Qxe3+ 22. Kh1 Bxc4 23. Rd1 Qxf4 24. fxg7 Kxg7 25. Qe2 b5 26. Rf1 Qe5 27.
Qg4+ Qg5 28. Qf3 f6 29. Re1 Nc6 30. Bxc4 bxc4 31. Re6 Ne5 32. Qxd5 Qc1+ 33. Kh2
Qf4+ 34. Kh1 Qc1+ 35. Kh2 Qf4+ 1/2-1/2

[Event "BL 8586 Solingen-Bayern"]
[Site "?"]
[Date "1986.??.??"]
[Round "?.7"]
[White "Hickl, J."]
[Black "Ostermeyer, P."]
[Result "1/2-1/2"]
[WhiteElo "2370"]
[BlackElo "2485"]
[PlyCount "117"]
[EventDate "1986.??.??"]

1. c4 e5 2. Nc3 Nf6 3. Nf3 Nc6 4. d3 Bb4 5. Bd2 d6 6. e3 O-O 7. Be2 Re8 8. O-O
h6 9. Qb3 a5 10. Rfd1 Bg4 11. h3 Bh5 12. Nd5 a4 13. Qc2 Bxd2 14. Nxf6+ Qxf6 15.
Qxd2 Ra5 16. Qc3 Raa8 17. Re1 Qe7 18. Nd2 Bxe2 19. Rxe2 d5 20. Ree1 Qb4 21. Qc2
Red8 22. Red1 Qc5 23. a3 Ra6 24. Rac1 d4 25. Ne4 Qe7 26. c5 Qe6 27. Qe2 Ne7 28.
Rc4 dxe3 29. fxe3 Nd5 30. Nc3 Nxc3 31. bxc3 Qd5 32. d4 e4 33. Rb4 Rg6 34. Rf1
Ra8 35. Rf4 b6 36. Qc4 Qxc4 37. Rxc4 Rc6 38. Rxe4 Ra5 39. Re8+ Kh7 40. Re5 bxc5
41. Kf2 Rf6+ 42. Ke2 Rb5 43. Rexc5 Rb2+ 44. Kd3 Rxg2 45. Rxa4 Rg3 46. h4 Rh3
47. d5 Rff3 48. Re4 f5 49. Re7 f4 50. Rcxc7 Rxe3+ 51. Rxe3 Rxe3+ 52. Kd4 Kg6
53. h5+ Kxh5 54. Rxg7 Re1 55. c4 f3 56. Rf7 Kg4 57. c5 Rd1+ 58. Ke4 Re1+ 59.
Kd4 1/2-1/2

[Event "BL 8586 Solingen-Bayern"]
[Site "?"]
[Date "1986.??.??"]
[Round "?.8"]
[White "Borngaesser, R."]
[Black "Klundt, K."]
[Result "0-1"]
[WhiteElo "2365"]
[BlackElo "2340"]
[PlyCount "114"]
[EventDate "1986.??.??"]

1. e4 c5 2. Nc3 Nc6 3. g3 g6 4. Bg2 Bg7 5. d3 d6 6. h4 Nf6 7. Nh3 Bg4 8. f3 Bd7
9. Nf4 h6 10. Be3 Qa5 11. Qd2 Nd4 12. a3 Rc8 13. O-O g5 14. hxg5 hxg5 15. Nfe2
g4 16. f4 Nf3+ 17. Bxf3 gxf3 18. Rxf3 Ng4 19. Nd1 Qb6 20. f5 Nxe3 21. Qxe3 Bxb2
22. Nxb2 Qxb2 23. Qc1 Qg7 24. Kg2 Bc6 25. c4 Kd7 26. Qc3 Qg4 27. Nf4 Rh7 28.
Kf2 Rh2+ 29. Ng2 Rch8 30. Rg1 R8h5 31. Rf4 Qg5 32. Qe1 R5h3 33. Rf3 Qf6 34. Qa1
Qh6 35. Qe1 a6 36. Rf4 Qg7 37. Kf3 Qd4 38. Qd1 Qc3 39. Rh4 Rxh4 40. gxh4 Rh3+
41. Ke2 Qxa3 42. Ne3 Rxh4 43. Rh1 Qb2+ 44. Kf3 Qh8 45. Rxh4 Qxh4 46. Qg1 Qh3+
47. Kf4 Qh6+ 48. Kf3 Qh5+ 49. Kf2 f6 50. Qg6 Qh2+ 51. Kf3 a5 52. Qg8 Qh5+ 53.
Kf2 Qh4+ 54. Ke2 Qh2+ 55. Kd1 a4 56. Qe6+ Kd8 57. Qg8+ Kc7 0-1

[Event "BL 8586 München 36-Solingen"]
[Site "?"]
[Date "1986.??.??"]
[Round "?.3"]
[White "Lobron, E."]
[Black "Nikolac, J."]
[Result "1-0"]
[WhiteElo "2525"]
[BlackElo "2440"]
[PlyCount "69"]
[EventDate "1986.??.??"]

1. e4 e6 2. d4 d5 3. Nc3 Bb4 4. e5 Qd7 5. Bd2 b6 6. Qg4 f5 7. Qg3 Ba6 8. Bxa6
Nxa6 9. Qd3 Nb8 10. Nce2 Bxd2+ 11. Qxd2 Ne7 12. Nf3 Nbc6 13. h4 Nd8 14. Nf4 c5
15. dxc5 bxc5 16. c4 Rb8 17. cxd5 exd5 18. O-O Ne6 19. Nxe6 Qxe6 20. Rac1 Rc8
21. Qa5 Qb6 22. Qa4+ Rc6 23. e6 Qa6 24. Qxa6 Rxa6 25. Rxc5 Rxe6 26. Rc7 O-O 27.
Re1 Rxe1+ 28. Nxe1 Ng6 29. Rxa7 Nxh4 30. Rd7 Rc8 31. Nd3 g5 32. Rxd5 Rc2 33. a4
Rc4 34. b4 Rg4 35. g3 1-0

[Event "BL 8586 München 36-Solingen"]
[Site "?"]
[Date "1986.??.??"]
[Round "?.7"]
[White "Ostermeyer, P."]
[Black "Krause, C."]
[Result "1-0"]
[WhiteElo "2485"]
[BlackElo "2250"]
[PlyCount "81"]
[EventDate "1986.??.??"]

1. d4 Nf6 2. c4 d6 3. Nc3 Nbd7 4. e4 e5 5. d5 a5 6. Bd3 Nc5 7. Bc2 Be7 8. Nge2
O-O 9. f3 Ne8 10. Be3 g6 11. Qd2 f5 12. exf5 gxf5 13. O-O-O Bd7 14. Kb1 Ng7 15.
Rhg1 Kh8 16. g4 Rg8 17. h3 b6 18. Ng3 Bh4 19. Nxf5 Nxf5 20. gxf5 Qe7 21. Rg4
Be8 22. Rxg8+ Kxg8 23. Rg1+ Kh8 24. Bh6 Bf6 25. Qg2 Bh5 26. Ne4 Nxe4 27. fxe4
Qf7 28. Kc1 Rg8 29. Qxg8+ Qxg8 30. Rxg8+ Kxg8 31. Bd1 Be8 32. Kd2 Kh8 33. a3
Kg8 34. b4 axb4 35. axb4 Kh8 36. c5 bxc5 37. bxc5 Kg8 38. c6 Bh4 39. Kd3 Bf7
40. Kc4 Be8 41. Kb5 1-0

[Event "BL 8586 Bayern-Bochum"]
[Site "?"]
[Date "1986.??.??"]
[Round "?.2"]
[White "Kindermann, S."]
[Black "Sehner, N."]
[Result "1-0"]
[WhiteElo "2480"]
[BlackElo "2320"]
[PlyCount "53"]
[EventDate "1986.??.??"]

1. e4 c6 2. d3 d5 3. Nd2 g6 4. Ngf3 Bg7 5. Be2 Na6 6. d4 Nc7 7. c3 Nh6 8. O-O
O-O 9. Re1 dxe4 10. Nxe4 Nf5 11. Nc5 Ne6 12. Nxe6 Bxe6 13. Ng5 Bc8 14. Bf4 h6
15. Ne4 g5 16. Be5 Bxe5 17. dxe5 Qc7 18. Bc4 Qxe5 19. Nxg5 Qc5 20. Bxf7+ Rxf7
21. Nxf7 Kxf7 22. Qh5+ Kf6 23. Qe8 Qc4 24. Qh8+ Kf7 25. Rad1 Be6 26. Qxa8 Nh4
27. Rd4 1-0

[Event "BL 8586 Bayern-Bochum"]
[Site "?"]
[Date "1986.??.??"]
[Round "?.3"]
[White "Budde, V."]
[Black "Bischoff, K."]
[Result "0-1"]
[WhiteElo "2345"]
[BlackElo "2415"]
[PlyCount "84"]
[EventDate "1986.??.??"]

1. d4 e6 2. e4 d5 3. Nc3 Nc6 4. Nf3 Nf6 5. e5 Ne4 6. Bd3 Bb4 7. Bd2 Nxd2 8.
Qxd2 Bd7 9. a3 Bxc3 10. Qxc3 f6 11. h4 Qe7 12. O-O-O fxe5 13. dxe5 O-O-O 14.
Qe1 Rdf8 15. Rd2 Qc5 16. Kb1 h6 17. h5 Be8 18. Rh4 Qe7 19. Qh1 a6 20. Qh2 Kb8
21. Rg4 Rhg8 22. Rd1 Qc5 23. Rf1 Rf7 24. Qg3 Ne7 25. Nd4 Qb6 26. Ne2 Bb5 27. f4
Nf5 28. Qf2 Bxd3 29. cxd3 Ne3 30. Rg6 Nxf1 31. Qxf1 Qe3 32. Qf3 Qxf3 33. gxf3
Re8 34. Rg4 c5 35. Kc2 Kc7 36. Kd2 d4 37. Ng3 Ref8 38. Ne4 b6 39. Nd6 Rxf4 40.
Rxg7+ Kc6 41. Ne4 Rxf3 42. Nf6 Rf2+ 0-1

[Event "BL 8586 Bayern-Bochum"]
[Site "?"]
[Date "1986.??.??"]
[Round "?.4"]
[White "Hecht, H."]
[Black "Beckemeyer, W."]
[Result "0-1"]
[WhiteElo "2445"]
[BlackElo "2320"]
[PlyCount "54"]
[EventDate "1986.??.??"]

1. Nf3 Nf6 2. g3 g6 3. Bg2 Bg7 4. O-O O-O 5. c4 d6 6. Nc3 e5 7. d3 Nc6 8. Rb1
a5 9. a3 Nd4 10. Nd2 c6 11. b4 axb4 12. axb4 Bg4 13. h3 Be6 14. e3 Nf5 15. Nf3
d5 16. g4 Ne7 17. Nxe5 dxc4 18. d4 Ned5 19. Ne2 Nb6 20. e4 Ne8 21. Qc2 Nc7 22.
Rd1 Nb5 23. d5 cxd5 24. exd5 Bd7 25. Nxd7 Qxd7 26. d6 Rfe8 27. Bb2 Ra2 0-1

[Event "BL 8586 Bayern-Bochum"]
[Site "?"]
[Date "1986.??.??"]
[Round "?.5"]
[White "Fleck, J."]
[Black "Calvo Minguez, R."]
[Result "1/2-1/2"]
[WhiteElo "2390"]
[BlackElo "2435"]
[PlyCount "89"]
[EventDate "1986.??.??"]

1. e4 c5 2. Nf3 Nc6 3. d4 cxd4 4. Nxd4 e6 5. Nb5 d6 6. Bf4 e5 7. Be3 Nf6 8.
N1c3 a6 9. Na3 d5 10. Nxd5 Nxe4 11. Nc4 Be6 12. Ndb6 Qxd1+ 13. Rxd1 Rd8 14.
Rxd8+ Kxd8 15. c3 Bc5 16. Bd3 Bxe3 17. Nxe3 Nc5 18. Bb1 Ne7 19. b4 Nd7 20. Nxd7
Kxd7 21. Ke2 Rc8 22. Rd1+ Ke8 23. Kd2 f5 24. Re1 Rd8+ 25. Kc1 Kf7 26. Rd1 Rc8
27. Kb2 f4 28. Nf1 Nd5 29. Rc1 Nb6 30. Bc2 Nc4+ 31. Ka1 Kf6 32. Rd1 Na3 33. Bd3
Rd8 34. Rd2 Rc8 35. Rd1 Bc4 36. Be4 Rc7 37. Nd2 Be2 38. Re1 Bg4 39. f3 Rd7 40.
Re2 Bf5 41. Bxf5 Kxf5 42. Ne4 Rd1+ 43. Kb2 Nc4+ 44. Kb3 b5 45. a4 1/2-1/2

[Event "BL 8586 Bayern-Bochum"]
[Site "?"]
[Date "1986.??.??"]
[Round "?.6"]
[White "Hertneck, G."]
[Black "Sonntag, H."]
[Result "1-0"]
[WhiteElo "2410"]
[BlackElo "2305"]
[PlyCount "83"]
[EventDate "1986.??.??"]

1. Nf3 d5 2. c4 e6 3. d4 Nf6 4. Nc3 Be7 5. Bg5 O-O 6. e3 Nbd7 7. Rc1 c6 8. Bd3
dxc4 9. Bxc4 Nd5 10. Bxe7 Qxe7 11. O-O Nxc3 12. Rxc3 e5 13. dxe5 Nxe5 14. Nxe5
Qxe5 15. f4 Qe4 16. Qe1 Bf5 17. Bd3 Qd5 18. e4 Qd4+ 19. Qf2 Qxf2+ 20. Kxf2 Bd7
21. Rd1 Rad8 22. Ra3 a6 23. Bc4 Be6 24. Rxd8 Rxd8 25. Bxe6 fxe6 26. Ke3 c5 27.
Rc3 b6 28. Ra3 Ra8 29. Rd3 b5 30. Rd7 Kf8 31. Rc7 c4 32. Kd4 e5+ 33. Kxe5 Re8+
34. Kf5 g6+ 35. Kf6 Rxe4 36. Rc8+ Re8 37. Rxe8+ Kxe8 38. Ke5 Kd7 39. Kd5 h5 40.
Kc5 Ke6 41. a3 Kf5 42. Kb6 1-0

[Event "BL 8586 Bayern-Bochum"]
[Site "?"]
[Date "1986.??.??"]
[Round "?.7"]
[White "Backwinkel, P."]
[Black "Klundt, K."]
[Result "1/2-1/2"]
[WhiteElo "2350"]
[BlackElo "2340"]
[PlyCount "42"]
[EventDate "1986.??.??"]

1. d4 Nf6 2. Nf3 g6 3. Bg5 Bg7 4. Nbd2 h6 5. Bxf6 Bxf6 6. c3 d6 7. e4 O-O 8.
Bc4 e5 9. dxe5 dxe5 10. O-O Nd7 11. Qe2 Qe7 12. b4 Rd8 13. Rfd1 Nf8 14. Nb3
Rxd1+ 15. Rxd1 Ne6 16. Bxe6 Bxe6 17. Nc5 a5 18. Nxe6 Qxe6 19. b5 Rd8 20. Rxd8+
Bxd8 21. Qd3 Be7 1/2-1/2

[Event "BL 8586 Bayern-Bochum"]
[Site "?"]
[Date "1986.??.??"]
[Round "?.8"]
[White "Schubert, C."]
[Black "Ueter, H."]
[Result "1-0"]
[WhiteElo "2255"]
[BlackElo "2270"]
[PlyCount "80"]
[EventDate "1986.??.??"]

1. e4 c5 2. Nf3 d6 3. d4 cxd4 4. Nxd4 Nf6 5. Nc3 Nc6 6. Be2 e5 7. Nb3 Be7 8.
O-O a5 9. a4 O-O 10. f4 Nb4 11. Kh1 Bd7 12. Bf3 Bc6 13. Qe2 Qc7 14. fxe5 dxe5
15. Be3 b6 16. Qf2 Rab8 17. Rad1 Qb7 18. Rd2 Rfd8 19. Rxd8+ Bxd8 20. Qg3 Qc7
21. Bh6 g6 22. Qf2 Ne8 23. Nc1 Nd6 24. Nd3 Qe7 25. Rd1 Bc7 26. Be3 f5 27. Nxb4
axb4 28. Nd5 Bxd5 29. exd5 Nc4 30. Bc1 Bd6 31. Be2 Rc8 32. b3 Na3 33. Qxb6 Rxc2
34. Bd3 Rc3 35. a5 e4 36. Bf1 Qe5 37. Qd8+ Kf7 38. Qh4 h5 39. a6 e3 40. Be2 Rc7
1-0

[Event "BL 8586 Sindelfingen-Heidelberg"]
[Site "?"]
[Date "1986.??.??"]
[Round "?.1"]
[White "Neunhoeffer, H."]
[Black "Darga, K."]
[Result "0-1"]
[WhiteElo "2235"]
[BlackElo "2470"]
[PlyCount "90"]
[EventDate "1986.??.??"]

1. d4 Nf6 2. c4 e6 3. Nf3 b6 4. g3 Bb7 5. Bg2 Bb4+ 6. Bd2 Be7 7. Nc3 O-O 8. O-O
d5 9. cxd5 exd5 10. Ne5 c6 11. Rc1 Nbd7 12. Qa4 Nxe5 13. dxe5 Nd7 14. e4 Nc5
15. Qc2 d4 16. Na4 Nd7 17. b4 Nxe5 18. f4 Ng4 19. Rfd1 Qc7 20. Qd3 Rad8 21. a3
c5 22. bxc5 Qc6 23. Qb3 bxc5 24. Re1 Rb8 25. Qc2 d3 26. Qd1 c4 27. Qxg4 Qxa4
28. Bc3 g6 29. f5 Qd7 30. Rcd1 Bc5+ 31. Kh1 Bd4 32. Bb4 Rfe8 33. h3 Bc6 34. Rf1
Bg7 35. Rc1 Rxb4 36. axb4 c3 37. f6 Qxg4 38. hxg4 Bxf6 39. Rxf6 d2 40. Rff1 Bb5
41. Rxc3 Bxf1 42. Bf3 Rxe4 43. Rc8+ Kg7 44. Rd8 Re3 45. Bg2 Bd3 0-1

[Event "BL 8586 Sindelfingen-Heidelberg"]
[Site "?"]
[Date "1986.??.??"]
[Round "?.2"]
[White "Fahnenschmidt, G."]
[Black "Steinbacher, M."]
[Result "1-0"]
[WhiteElo "2335"]
[BlackElo "2290"]
[PlyCount "147"]
[EventDate "1986.??.??"]

1. d4 Nf6 2. c4 g6 3. Nc3 d5 4. Nf3 Bg7 5. cxd5 Nxd5 6. e4 Nxc3 7. bxc3 c5 8.
Be3 O-O 9. Rc1 Bg4 10. d5 Nd7 11. Be2 e6 12. O-O exd5 13. exd5 Qa5 14. Qb3 Ne5
15. Nxe5 Bxe2 16. Rfe1 Bxe5 17. Rxe2 Qc7 18. g3 c4 19. Qb5 Rfd8 20. Bd4 Bxd4
21. cxd4 Qd7 22. Qxd7 Rxd7 23. Rxc4 Kf8 24. Re3 Re8 25. Ra4 a6 26. Rb3 Re1+ 27.
Kg2 Ra1 28. Rb6 h5 29. d6 Ke8 30. Rc4 Kd8 31. a4 Re1 32. d5 Re5 33. Rc5 g5 34.
Ra5 Kc8 35. f4 gxf4 36. gxf4 Re4 37. Kf3 Rc4 38. Ke3 h4 39. Kd3 Rxf4 40. Rc5+
Kb8 41. Rc4 Rf3+ 42. Ke4 Rh3 43. Rc2 Ra3 44. Rc4 Ra2 45. h3 Ra3 46. Ke5 Rxh3
47. Rg4 Re3+ 48. Kd4 Ra3 49. Ke5 h3 50. Rb2 Ra1 51. Rh2 Re1+ 52. Re4 f6+ 53.
Ke6 Rxd6+ 54. Kxd6 Rxe4 55. Rxh3 Rxa4 56. Rf3 b5 57. Kc6 Ka7 58. d6 Rc4+ 59.
Kd5 Kb6 60. Rxf6 Rc5+ 61. Ke6 Kc6 62. Rf8 Rh5 63. Rc8+ Kb7 64. d7 Rh6+ 65. Ke5
Rh5+ 66. Ke4 Rh4+ 67. Ke3 Rh3+ 68. Kf4 Rh4+ 69. Kg5 Rd4 70. d8=Q Rxd8 71. Rxd8
a5 72. Kf4 a4 73. Ke3 a3 74. Rd1 1-0

[Event "BL 8586 Zähringen-Koblenz"]
[Site "?"]
[Date "1986.??.??"]
[Round "?.2"]
[White "Herbrechtsmeier, C."]
[Black "Wolf, V."]
[Result "0-1"]
[WhiteElo "2330"]
[BlackElo "2315"]
[PlyCount "96"]
[EventDate "1986.??.??"]

1. e4 e5 2. Nf3 Nc6 3. Bb5 Bb4 4. c3 Ba5 5. O-O Nge7 6. Na3 O-O 7. Nc4 d5 8.
Nxa5 Nxa5 9. Nxe5 dxe4 10. d4 f6 11. Ng4 Nac6 12. Bc4+ Kh8 13. f3 Bxg4 14. fxg4
Nd5 15. Rf5 Nce7 16. Rh5 g6 17. Rh3 c6 18. Qe1 f5 19. Qh4 Rf7 20. Bg5 Qd6 21.
Rf1 Re8 22. Kh1 b5 23. Bf4 Qe6 24. Be5+ Kg8 25. Bxd5 cxd5 26. g5 Nc6 27. Bf4 b4
28. Qe1 a5 29. Bc1 Rb7 30. Qe3 Rc8 31. Rh6 bxc3 32. bxc3 Nd8 33. Qh3 Qc6 34.
Bd2 Qc4 35. Kg1 Rcb8 36. g4 Qe2 37. Bf4 fxg4 38. Qg2 Qxg2+ 39. Kxg2 Rb2+ 40.
Kg3 Rc8 41. Kxg4 Rxc3 42. Bg3 Ne6 43. Rf6 Rc6 44. h4 Rbb6 45. Be5 Ng7 46. Rxc6
Rxc6 47. Bxg7 Kxg7 48. Kf4 Rc2 0-1

[Event "BL 8586 Zähringen-Koblenz"]
[Site "?"]
[Date "1986.??.??"]
[Round "?.3"]
[White "Doncevic, D."]
[Black "Kiefer, G."]
[Result "0-1"]
[WhiteElo "2340"]
[BlackElo "2220"]
[PlyCount "90"]
[EventDate "1986.??.??"]

1. e4 c5 2. c3 d5 3. exd5 Qxd5 4. d4 e6 5. Nf3 Nf6 6. Na3 Nc6 7. Nb5 Qd8 8.
dxc5 Bxc5 9. Qxd8+ Kxd8 10. Bf4 Ne4 11. Nbd4 f6 12. Rd1 Nxd4 13. Nxd4 Ke7 14.
Bd3 Nd6 15. Be3 Bb6 16. f4 h6 17. O-O g5 18. Rde1 Bd7 19. Nxe6 Bxe6 20. f5 Bxa2
21. Bxb6+ Kf7 22. Bc5 Rhd8 23. Be2 Kg8 24. Bd4 Kg7 25. Ra1 Bd5 26. Rxa7 Rxa7
27. Bxa7 Re8 28. Bd3 Be4 29. Bxe4 Rxe4 30. Bc5 Nf7 31. Bd4 b5 32. Ra1 Rf4 33.
Rf1 Re4 34. Ra1 Rf4 35. Rf1 Rh4 36. g3 Re4 37. Ra1 Nd6 38. Ra7+ Kg8 39. Bxf6
Nxf5 40. Rb7 Nd6 41. Rb6 Re1+ 42. Kf2 Rd1 43. Be5 Nc4 44. Rxb5 Rd2+ 45. Kf3
Nxb2 0-1

[Event "BL 8586 Zähringen-Koblenz"]
[Site "?"]
[Date "1986.??.??"]
[Round "?.4"]
[White "Miltner, A."]
[Black "Schulz, KJ."]
[Result "1/2-1/2"]
[WhiteElo "2285"]
[BlackElo "2370"]
[PlyCount "78"]
[EventDate "1986.??.??"]

1. d4 g6 2. e4 Bg7 3. Nc3 d6 4. Nge2 c6 5. Be3 b5 6. Qd2 Nd7 7. a4 b4 8. Nd1 a5
9. f3 Nb6 10. b3 c5 11. c3 bxc3 12. Ndxc3 cxd4 13. Nxd4 Nd7 14. Rc1 Bb7 15. Nd5
Nc5 16. Bb5+ Kf8 17. Bc4 Nf6 18. Nxf6 Bxf6 19. Bh6+ Kg8 20. Nb5 Bg7 21. O-O
Bxh6 22. Qxh6 Qf8 23. Qe3 Nd7 24. Nc7 Rc8 25. Ne6 fxe6 26. Bxe6+ Kg7 27. Bxd7
Rxc1 28. Rxc1 Qf6 29. Qc3 Qxc3 30. Rxc3 Kf6 31. Kf2 Rb8 32. Bb5 Bc8 33. Ke3 Be6
34. f4 g5 35. f5 Bf7 36. Kd4 g4 37. h4 gxh3 38. gxh3 h5 39. h4 Rg8 1/2-1/2

[Event "BL 8586 Zähringen-Koblenz"]
[Site "?"]
[Date "1986.??.??"]
[Round "?.5"]
[White "Schlick, V."]
[Black "Arnold, L."]
[Result "1-0"]
[WhiteElo "2260"]
[BlackElo "2305"]
[PlyCount "81"]
[EventDate "1986.??.??"]

1. e4 c5 2. Nf3 Nf6 3. e5 Nd5 4. Nc3 e6 5. Nxd5 exd5 6. d4 Nc6 7. dxc5 Bxc5 8.
Be2 d6 9. exd6 Qxd6 10. O-O O-O 11. Bg5 Bg4 12. Bh4 Rfe8 13. c3 Re4 14. Bg3 Qd7
15. b4 Bf8 16. b5 Ne7 17. Bd3 Bxf3 18. Qxf3 Re6 19. Rfe1 Re8 20. Rxe6 Qxe6 21.
h4 g6 22. Rc1 b6 23. Rc2 Qe1+ 24. Kh2 Bg7 25. c4 Rd8 26. c5 Qb4 27. c6 Qd4 28.
Re2 Bf6 29. h5 Nc8 30. Bf4 Ne7 31. Qg3 Nc8 32. Re3 Kg7 33. Bf5 Qc5 34. h6+ Kg8
35. c7 Rf8 36. Bxc8 Rxc8 37. Bd6 Qc4 38. f4 d4 39. Qg4 Ra8 40. Qf3 Rc8 41. Qb7
1-0